[Event "Toronto NAYCC U12"]
[Site "Toronto"]
[Date "2013.08.18"]
[Round "8"]
[White "Mercado, Carlos"]
[Black "Asaria, Danial"]
[Result "1-0"]
[WhiteElo "1782"]
[BlackElo "2022"]
[PlyCount "61"]
[EventDate "2013.08.14"]
[EventType "swiss"]
[EventRounds "9"]
[EventCountry "CAN"]
[SourceTitle "EXT 2022"]
[Source "ChessBase"]
[SourceDate "2021.10.06"]
[SourceVersion "1"]
[SourceVersionDate "2021.10.06"]
[SourceQuality "1"]

1. e4 c5 2. Nc3 e6 3. Nf3 Nc6 4. g3 d5 5. exd5 exd5 6. d4 cxd4 7. Nxd4 Bc5 8. Be3 Nxd4 9. Bxd4 Qe7+ 10. Be2 Nf6 11. 0-0 0-0 12. Bxf6 Qxf6 13. Qxd5 Bb6 14. Qf3 Qd4 15. Rfd1 Qb4 16. b3 Bg4 17. Qxg4 Qxc3 18. Bd3 g6 19. Qf4 Rad8 20. Be4 Rd4 21. Qf3 Qb2 22. Rxd4 Qxa1+ 23. Rd1 Qxa2 24. Rd7 Qa1+ 25. Kg2 f5 26. Bd5+ Kh8 27. Qf4 Bd4 28. Qd6 Bg7 29. Rd8 Qf6 30. Qxf6 Bxf6 31. Rxf8+ 1-0